The 100 Greatest Metal Albums of All Time (rollingstone.com) - Statistics

General Stats
  • This quiz has been taken 50 times
  • The average score is 29 of 100
Answer Stats
Band Album Release % Correct
2. Metallica Master of Puppets 1986
78%
1. Black Sabbath Paranoid 1970
78%
25. Metallica Metallica 1991
74%
5. Black Sabbath Black Sabbath 1970
72%
6. Slayer Reign in Blood 1986
70%
4. Iron Maiden The Number of the Beast 1982
70%
11. Metallica Ride the Lightning 1984
63%
35. Metallica Kill 'Em All 1983
61%
8. Megadeth Peace Sells...but Who's Buying? 1986
61%
24. Rage Against the Machine Rage Against the Machine 1992
59%
50. Slipknot Iowa 2001
57%
38. Iron Maiden Powerslave 1984
57%
21. Metallica ...And Justice for All 1988
54%
3. Judas Priest British Steel 1980
54%
30. Korn Korn 1994
54%
19. Megadeth Rust in Peace 1990
54%
27. System of a Down Toxicity 2001
54%
10. Pantera Vulgar Display of Power 1992
50%
9. Ozzy Osbourne Blizzard of Ozz 1980
48%
15. Ozzy Osbourne Diary of a Madman 1981
48%
47. Slayer South of Heaven 1988
48%
20. Anthrax Among the Living 1987
46%
26. Alice in Chains Dirt 1992
46%
16. Dio Holy Diver 1983
46%
34. Black Sabbath Master of Reality 1971
46%
13. Iron Maiden Iron Maiden 1980
43%
37. Black Sabbath Heaven and Hell 1980
41%
23. Danzig Danzig 1988
39%
14. Black Sabbath Vol. 4 1972
39%
33. Megadeth Countdown to Extinction 1992
37%
32. Black Sabbath Sabotage 1975
37%
44. Mötley Crüe Shout at the Devil 1983
37%
100. Avenged Sevenfold City of Evil 2005
35%
39. Pantera Far Beyond Driven 1994
35%
95. Dream Theater Images and Words 1992
35%
66. Deftones White Pony 2000
35%
97. Gojira From Mars to Sirius 2005
33%
12. Judas Priest Screaming for Vengeance 1982
33%
18. Tool Ænima 1996
30%
67. Queensrÿche Operation Mindcrime 1988
30%
55. Opeth Blackwater Park 2001
28%
45. Exodus Bonded by Blood 1985
28%
99. Evanescence Fallen 2003
28%
48. Rainbow Rising 1976
28%
74. Venom Welcome to Hell 1981
28%
63. Sodom Agent Orange 1989
26%
65. Faith No More Angel Dust 1992
26%
29. Sepultura Chaos A.D. 1993
26%
51. Carcass Heartwork 1993
26%
70. Death Human 1991
26%
17. Mercyful Fate Melissa 1983
24%
52. Def Leppard Pyromania 1983
24%
22. Mötley Crüe Too Fast for Love 1981
24%
82. Entombed Left Hand Path 1990
22%
46. Mastodon Leviathan 2004
22%
31. Slayer Season in the Abyss 1990
22%
85. Darkthrone Transilvanian Hunger 1994
22%
53. Type O Negative Bloody Kisses 1993
20%
90. Body Count Body Count 1992
20%
40. Mayhem De Mysteriis Dom Sathanas 1994
20%
69. Soundgarden Louder Than Love 1989
20%
79. At the Gates Slaughter of the Soul 1995
20%
75. Morbid Angel Covenant 1993
17%
42. Diamond Head Lightning to the Nations 1980
17%
28. Celtic Frost Morbid Tales 1984
17%
43. Judas Priest Stained Class 1978
17%
76. Twisted Sister Stay Hungry 1984
17%
57. Emperor Anthems to the Welkin at Dusk 1997
15%
61. Converge Jane Doe 2001
15%
94. Deafheaven Sunbather 2013
15%
73. Scorpions Blackout 1982
13%
77. Meshuggah Destroy Erase Improve 1995
13%
78. Voivod Dimension Hatröss 1988
11%
87. Manowar Hail to England 1984
11%
96. Kvelertak Meir 2013
11%
80. Ministry Psalm 69: The Way to Succeed and the Way to Suck Eggs 1992
11%
86. Lamb of God As the Palaces Burn 2003
9%
41. Kyuss Blues for the Red Sun 1992
9%
56. The Dillinger Escape Plan Calculating Infinity 1999
9%
89. Nightwish Once 2004
9%
92. Eyehategod Take as Needed for Pain 1993
9%
88. Pig Destroyer Terrifyer 2004
9%
49. Neurosis Through Silver in Blood 1996
9%
71. Living Colour Vivid 1988
9%
60. Melvins Bullhead 1991
7%
59. Napalm Death From Enslavement to Obliteration 1988
7%
62. Sleep Jerusalem 1999
7%
64. Godflesh Streetcleaner 1989
7%
83. Baroness The Red Album 2007
7%
84. High on Fire Blessed Black Wings 2005
4%
98. Sunn O))) Monoliths & Dimensions 2009
4%
7. Motörhead No Remorse 1984
4%
72. Isis Oceanic 2002
4%
68. Marilyn Manson Portrait of an American Family 1994
4%
91. Naked City Torture Garden 1990
4%
93. White Zombie La Sexorcisto: Devil Music Volume One 1992
2%
54. Helmet Meantime 1992
2%
58. Life of Agony River Runs Red 1993
2%
81. Bathory Unter the Sign of the Black Mark 1987
0%
36. Van Halen Women and Children Fist 1980
0%
No matching quizzes found
Score Distribution
Percent of People with Each Score
Percentile by Number Answered
Your Score History
You have not taken this quiz